Barukh ṭaʻam / (Record no. 32723)

MARC details
000 -LEADER
fixed length control field 00656cam a22002171 4500
001 - CONTROL NUMBER
control field he 67002079
003 - CONTROL NUMBER IDENTIFIER
control field DLC
005 - DATE AND TIME OF LATEST TRANSACTION
control field 20260227111451.0
008 - FIXED-LENGTH DATA ELEMENTS--GENERAL INFORMATION
fixed length control field 840808s1894 pl 000 0 heb
010 ## - LIBRARY OF CONGRESS CONTROL NUMBER
LC control number he 67002079
035 ## - SYSTEM CONTROL NUMBER
System control number (OCoLC)19184190
040 ## - CATALOGING SOURCE
Original cataloging agency DLC
Transcribing agency MH
Modifying agency DLC
042 ## - AUTHENTICATION CODE
Authentication code premarc
050 00 - LIBRARY OF CONGRESS CALL NUMBER
Classification number BM504.2
Item number .T48 1960z
100 2# - MAIN ENTRY--PERSONAL NAME
Personal name Teomim-Fraenkel, Baruch ben Joshua Feivel,
Dates associated with a name -1828.
245 10 - TITLE STATEMENT
Title Barukh ṭaʻam /
Statement of responsibility, etc. ...ʻim hagahot Divre ḥayim...Ḥayim Halbershṭam.
260 ## - PUBLICATION, DISTRIBUTION, ETC.
Place of publication, distribution, etc. Kraków :
Name of publisher, distributor, etc. Bi-defuso shel Y. Fisher
Date of publication, distribution, etc. [1894 or 1895]
300 ## - PHYSICAL DESCRIPTION
Extent 208 p. ;
Dimensions 27 cm.
630 00 - SUBJECT ADDED ENTRY--UNIFORM TITLE
Uniform title Talmud
General subdivision Commentaries.
752 ## - ADDED ENTRY--HIERARCHICAL PLACE NAME
Country or larger entity Poland
City Kraków

No items available.

Powered by Koha